[Event "3rd Tungsram it"]
[Site "Budapest HUN"]
[Date "1977.08.??"]
[Round "13"]
[White "Castro Rojas, Oscar Humberto"]
[Black "Ree, Hans"]
[Result "1/2-1/2"]
[WhiteElo "2410"]
[BlackElo "2460"]
[EventDate "1977.07.29"]
[PlyCount "198"]

1.e4 e6 2.d4 c5 3.c3 d5 4.e5 Nc6 5.Nf3 Qb6 6.Be2 Nh6 7.Na3 cxd4 8.cxd4 
Bb4+ 9.Kf1 Nf5 10.Nc2 O-O 11.g4 Nh6 12.Bxh6 gxh6 13.Qc1 Kg7 14.g5 h5 15.
Bd3 Be7 16.Rg1 Bd7 17.Kg2 Nb4 18.Nxb4 Qxb4 19.Qb1 Bb5 20.Kg3 Rac8 21.Rd1 
Rc6 22.Bxb5 Qxb5 23.Qd3 Qxd3 24.Rxd3 Rc2 25.Rb1 Rfc8 26.h4 h6 27.Ne1 Rc1 
28.gxh6+ Kxh6 29.Rxc1 Rxc1 30.Ng2 Kg7 31.Rb3 b6 32.Rc3 Rxc3+ 33.bxc3 Ba3 
34.Nf4 Bb2 35.Ne2 Kg6 36.Kf4 b5 37.Kf3 a5 38.Nf4+ Kf5 39.Ne2 Ba3 40.Nf4 
Bb2 41.Ne2 Kg6 42.Ke3 Ba3 43.Nf4+ Kh6 44.Kf3 Bc1 45.Ne2 Bd2 46.Kg3 a4 47.
Kg2 Kh7 48.Kf3 a3 49.Kg2 Kg7 50.Kf1 Kf8 51.Kg2 Ke7 52.Kf1 Kd7 53.Kg2 Kc6 
54.Kf1 Kb6 55.f3 Ka5 56.Kf2 Ka4 57.Kf1 b4 58.cxb4 Kxb4 59.Ng3 Kc3 60.Ke2 
Bh6 61.Nxh5 Kxd4 62.Nf6 Bf4 63.Ng4 Bxe5 64.Nh6 f5 65.Nf7 Bf6 66.h5 Kc3 67.
Kd1 Kb2 68.f4 Kxa2 69.Kc2 d4 70.Ne5 Bxe5 71.fxe5 d3+ 72.Kxd3 Kb3 73.h6 a2 
74.h7 a1=Q 75.h8=Q Qd1+ 76.Ke3 Qe1+ 77.Kf4 Qd2+ 78.Kf3 Qd5+ 79.Kf4 Kc4 80.
Qb8 Qd2+ 81.Kf3 Qd3+ 82.Kf4 Qe4+ 83.Kg3 Kd4 84.Qd6+ Qd5 85.Kf4 Kc4 86.Ke3 
Qe4+ 87.Kf2 Qf4+ 88.Ke2 Qh2+ 89.Kf3 Qh1+ 90.Ke3 Qd5 91.Kf4 Qe4+ 92.Kg3 
Qg4+ 93.Kf2 f4 94.Qc6+ Kd4 95.Qd6+ Ke4 96.Qb4+ Kxe5 97.Qc5+ Ke4 98.Qb4+ 
Kf5 99.Qf8+ 1/2-1/2

[Event "3rd Tungsram it"]
[Site "Budapest HUN"]
[Date "1977.08.??"]
[Round "13"]
[White "Pinter, Jozsef"]
[Black "Bronstein, David"]
[Result "1/2-1/2"]
[WhiteElo "2445"]
[BlackElo "2560"]
[EventDate "1977.07.29"]
[PlyCount "233"]

1.e4 c6 2.d4 d5 3.exd5 cxd5 4.c4 Nf6 5.Nc3 g6 6.Qb3 Bg7 7.cxd5 O-O 8.Be2 
Nbd7 9.Bg5 Nb6 10.Bf3 a5 11.Rd1 a4 12.Qb5 Ne8 13.Nge2 Nd6 14.Qb4 Bd7 15.
O-O Nbc8 16.Ng3 Re8 17.Rfe1 h6 18.Bf4 Qb6 19.Qc5 Qa5 20.Qxa5 Rxa5 21.Nge4 
g5 22.Be5 Rd8 23.Ng3 Bf8 24.h3 Ne8 25.Nge4 Ncd6 26.Nc5 Bf5 27.Re2 a3 28.g4
Bg6 29.b4 Ra7 30.N3a4 Nc4 31.Rc1 Ned6 32.Nc3 b6 33.Nb3 Raa8 34.Kg2 Nb2 35.
Rh1 Nd3 36.h4 Rac8 37.Na4 Nc4 38.Bg3 Nxb4 39.Nd2 b5 40.Nxc4 Rxc4 41.Nb6 
Rc3 42.hxg5 hxg5 43.Re4 Nd3 44.d6 e6 45.d7 b4 46.d5 Nf4+ 47.Bxf4 gxf4 48.
Re2 b3 49.axb3 Rxb3 50.dxe6 fxe6 51.Rxe6 Bf7 52.Re8 Rxe8 53.dxe8=Q Bxe8 
54.Bd5+ Bf7 55.Bxb3 Bxb3 56.Kf3 a2 57.Ra1 Bg7 58.Rxa2 Bxa2 59.Kxf4 Bd4 60.
Nd7 Bxf2 61.Nf6+ Kf7 62.Ne4 Bb6 63.Ng5+ Kg6 64.Nf3 Bc7+ 65.Ke3 Be6 66.g5 
Bd5 67.Ne1 Kxg5 68.Kd4 Bf7 69.Nd3 Kf5 70.Kc3 Ke4 71.Nb2 Be5+ 72.Kc2 Bg6 
73.Kb3 Kd5 74.Na4 Kc6 75.Nb2 Kb5 76.Nd1 Bf7+ 77.Kc2 Kb4 78.Kd3 Bg6+ 79.Ke3
Kc5 80.Nf2 Kd5 81.Nh3 Bd4+ 82.Kf4 Be8 83.Ng5 Bb6 84.Nf3 Bc7+ 85.Ke3 Bg3 
86.Ng5 Bh5 87.Nf3 Bc7 88.Kf2 Ke4 89.Nh4 Kf4 90.Ng2+ Ke4 91.Nh4 Be8 92.Ng2 
Bc6 93.Ne1 Bb5 94.Ng2 Bd6 95.Nh4 Kf4 96.Ng2+ Kf5 97.Ne3+ Kg5 98.Ng2 Bc6 
99.Ne1 Kg4 100.Ke3 Bc5+ 101.Kd3 Bf2 102.Nc2 Kf4 103.Na3 Bh4 104.Kd4 Be8 
105.Nc4 Bf7 106.Kc5 Bf2+ 107.Kb4 Bd4 108.Kb5 Bh5 109.Kc6 Bf3+ 110.Kc7 Kf5 
111.Na5 Ke6 112.Nb7 Ke7 113.Na5 Bf2 114.Nc6+ Ke6 115.Na5 Bg3+ 116.Kb6 Bf2+
117.Kb5 1/2-1/2

[Event "3rd Tungsram it"]
[Site "Budapest HUN"]
[Date "1977.08.??"]
[Round "13"]
[White "Spasov, Luben"]
[Black "Lukacs, Peter"]
[Result "1/2-1/2"]
[WhiteElo "2480"]
[BlackElo "2450"]
[EventDate "1977.07.29"]
[PlyCount "58"]

1.d4 Nf6 2.c4 e6 3.Nf3 b6 4.e3 Bb7 5.Bd3 Be7 6.O-O c5 7.b3 O-O 8.Bb2 cxd4 
9.exd4 d5 10.Nbd2 Nc6 11.Rc1 Rc8 12.Qe2 Re8 13.Rfd1 Bf8 14.h3 g6 15.Qe3 
Bg7 16.Nf1 Nd7 17.Qe2 e5 18.dxe5 Ncxe5 19.Nxe5 Nxe5 20.Be4 Nd7 21.Bxg7 
Kxg7 22.Qb2+ Qf6 23.Qxf6+ Nxf6 24.Bf3 Ba8 25.Ne3 dxc4 26.Bxa8 Rxa8 27.Rxc4
Rac8 28.Rdc1 Rxc4 29.Rxc4 1/2-1/2

[Event "3rd Tungsram it"]
[Site "Budapest HUN"]
[Date "1977.08.??"]
[Round "14"]
[White "Knaak, Rainer"]
[Black "Ornstein, Axel"]
[Result "1-0"]
[WhiteElo "2500"]
[BlackElo "2440"]
[EventDate "1977.07.29"]
[PlyCount "34"]

1.d4 Nf6 2.c4 g6 3.Nc3 Bg7 4.e4 d6 5.f3 O-O 6.Be3 a6 7.Qd2 Nbd7 8.O-O-O b5
9.e5 Ne8 10.h4 c6 11.h5 dxe5 12.dxe5 Bxe5 13.hxg6 fxg6 14.Ne4 Nd6 15.Ng5 
Nxc4 16.Bxc4+ bxc4 17.Qc2 1-0

[Event "3rd Tungsram it"]
[Site "Budapest HUN"]
[Date "1977.08.??"]
[Round "14"]
[White "Bronstein, David"]
[Black "Gipslis, Aivars"]
[Result "1/2-1/2"]
[WhiteElo "2560"]
[BlackElo "2535"]
[EventDate "1977.07.29"]
[PlyCount "27"]

1.d4 Nf6 2.c4 e6 3.Nc3 Bb4 4.e3 c5 5.Bd3 d5 6.Nf3 O-O 7.O-O dxc4 8.Bxc4 
Nbd7 9.Ne2 cxd4 10.exd4 Nb6 11.Bb3 Bd7 12.a3 Be7 13.Nc3 Bc6 14.Ne5 1/2-1/2

[Event "3rd Tungsram it"]
[Site "Budapest HUN"]
[Date "1977.08.??"]
[Round "14"]
[White "Lukacs, Peter"]
[Black "Pinter, Jozsef"]
[Result "1/2-1/2"]
[WhiteElo "2450"]
[BlackElo "2445"]
[EventDate "1977.07.29"]
[PlyCount "22"]

1.Nf3 Nf6 2.c4 b6 3.g3 Bb7 4.Bg2 e6 5.O-O Be7 6.d4 O-O 7.Nc3 Ne4 8.Qc2 
Nxc3 9.Qxc3 f5 10.b3 Bf6 11.Bb2 1/2-1/2

[Event "3rd Tungsram it"]
[Site "Budapest HUN"]
[Date "1977.08.??"]
[Round "15"]
[White "Csom, Istvan"]
[Black "Knaak, Rainer"]
[Result "1/2-1/2"]
[WhiteElo "2535"]
[BlackElo "2500"]
[EventDate "1977.07.29"]
[PlyCount "82"]

1.c4 g6 2.Nc3 Bg7 3.g3 d6 4.Bg2 e5 5.e4 Nd7 6.Nge2 Nh6 7.d3 O-O 8.h3 f5 9.
Be3 g5 10.exf5 Nxf5 11.Ne4 Nxe3 12.fxe3 Nf6 13.N2c3 Nxe4 14.Bxe4 Qe8 15.
Qe2 c6 16.O-O-O Be6 17.Rdf1 Rd8 18.Rxf8+ Bxf8 19.Qf3 Qf7 20.Qxf7+ Bxf7 21.
Rf1 h6 22.Bf5 d5 23.cxd5 cxd5 24.e4 dxe4 25.Bxe4 b6 26.Rf6 Rc8 27.Kd2 Kg7 
28.Rc6 Rxc6 29.Bxc6 Be6 30.g4 Bc5 31.Bd5 Bd7 32.Ne4 Bd4 33.b3 a5 34.a4 Kg6
35.Ke2 h5 36.Kf3 hxg4+ 37.hxg4 b5 38.axb5 Bxb5 39.Bc4 Bc6 40.Be6 Kg7 41.
Ke2 1/2-1/2

[Event "3rd Tungsram it"]
[Site "Budapest HUN"]
[Date "1977.08.??"]
[Round "15"]
[White "Schmidt, Wlodzimierz"]
[Black "Blackstock, Leslie Steven Fraser"]
[Result "1-0"]
[WhiteElo "2490"]
[BlackElo "2410"]
[EventDate "1977.07.29"]
[PlyCount "71"]

1.Nf3 Nf6 2.c4 g6 3.Nc3 Bg7 4.e4 d6 5.d4 O-O 6.Be2 Bg4 7.Be3 Nfd7 8.Rc1 c5
9.d5 Na6 10.O-O Qa5 11.Bd2 Rfb8 12.h3 Bxf3 13.Bxf3 Qd8 14.Be2 Nc7 15.a4 b6
16.f4 a6 17.Bd3 Ra7 18.Qe2 Rab7 19.Kh1 Qf8 20.Rce1 Bd4 21.g4 Qg7 22.g5 b5 
23.axb5 axb5 24.cxb5 Nb6 25.Qf3 Nc8 26.e5 Na7 27.exd6 exd6 28.b6 Rxb6 29.
Re7 Nab5 30.f5 Qf8 31.Qe4 Nxc3 32.bxc3 Nxd5 33.fxg6 Qxe7 34.gxf7+ Kf8 35.
Qxh7 Qe6 36.Qg8+ 1-0

[Event "3rd Tungsram it"]
[Site "Budapest HUN"]
[Date "1977.08.??"]
[Round "15"]
[White "Castro Rojas, Oscar Humberto"]
[Black "Ostojic, Predrag"]
[Result "1-0"]
[WhiteElo "2410"]
[BlackElo "2480"]
[EventDate "1977.07.29"]
[PlyCount "78"]

1.e4 c5 2.c3 e6 3.d4 d5 4.e5 Bd7 5.Nf3 Nc6 6.Be2 Nge7 7.Na3 Ng6 8.h4 cxd4 
9.cxd4 Bxa3 10.bxa3 h6 11.Rb1 b6 12.Bd2 f5 13.g3 O-O 14.O-O Be8 15.Bb4 
Nge7 16.Ne1 f4 17.Bg4 Qd7 18.Ng2 fxg3 19.fxg3 Rxf1+ 20.Kxf1 Bg6 21.Rc1 Nf5
22.Bxf5 Bxf5 23.Kg1 Rc8 24.Kh2 Be4 25.Nf4 Kh7 26.Bc3 Ne7 27.Be1 Rc4 28.
Rxc4 dxc4 29.Bc3 Nf5 30.Qe2 Bd5 31.Kh3 Qf7 32.Nxd5 exd5 33.e6 Qf6 34.Kh2 
a5 35.a4 Kg8 36.Bb2 Nd6 37.Ba3 Ne4 38.e7 Kf7 39.Qh5+ 1-0

[Event "3rd Tungsram it"]
[Site "Budapest HUN"]
[Date "1977.08.??"]
[Round "15"]
[White "Gipslis, Aivars"]
[Black "Lukacs, Peter"]
[Result "1/2-1/2"]
[WhiteElo "2535"]
[BlackElo "2450"]
[EventDate "1977.07.29"]
[PlyCount "30"]

1.e4 e5 2.Nf3 Nc6 3.Nc3 Nf6 4.Bb5 Nd4 5.Nxd4 exd4 6.e5 dxc3 7.exf6 Qxf6 8.
dxc3 Qe5+ 9.Qe2 Qxe2+ 10.Kxe2 c6 11.Bd3 d5 12.Bf4 Be6 13.Rhe1 O-O-O 14.Kf1
Bd6 15.Bxd6 Rxd6 1/2-1/2

[Event "3rd Tungsram it"]
[Site "Budapest HUN"]
[Date "1977.08.??"]
[Round "15"]
[White "Pinter, Jozsef"]
[Black "Ree, Hans"]
[Result "1/2-1/2"]
[WhiteElo "2445"]
[BlackElo "2460"]
[EventDate "1977.07.29"]
[PlyCount "74"]

1.e4 e5 2.Nf3 Nc6 3.Bb5 a6 4.Ba4 g6 5.c3 d6 6.d4 Bd7 7.O-O Bg7 8.d5 Nce7 
9.c4 h6 10.Nc3 f5 11.exf5 gxf5 12.Nh4 Nf6 13.Bxd7+ Qxd7 14.f4 e4 15.Be3 
O-O 16.h3 c5 17.dxc6 bxc6 18.Qd2 Qe6 19.Rad1 Rad8 20.Qe2 d5 21.Bb6 Rd7 22.
Na4 Qf7 23.Bc5 Nh5 24.Nb6 Rb7 25.cxd5 Rxb6 26.Bxb6 Nxd5 27.Qxa6 Qf6 28.Bc5
Qxh4 29.Bxf8 Bxf8 30.Qxc6 Ndxf4 31.Qc4+ Kh8 32.Qc3+ Kh7 33.Rd7+ Kg6 34.Rf2
Nd3 35.Rxd3 exd3 36.Qxd3 Qg5 37.Rxf5 1/2-1/2

[Event "3rd Tungsram it"]
[Site "Budapest HUN"]
[Date "1977.08.??"]
[Round "16"]
[White "Filip, Miroslav"]
[Black "Rajna, Gyorgy"]
[Result "1-0"]
[WhiteElo "2500"]
[BlackElo "2395"]
[EventDate "1977.07.29"]
[PlyCount "59"]

1.c4 e5 2.Nc3 Nc6 3.g3 g6 4.Bg2 Bg7 5.Nf3 d6 6.O-O Bg4 7.h3 Be6 8.d3 Nge7 
9.Rb1 h6 10.b4 Qd7 11.Kh2 f5 12.b5 Nd8 13.Bb2 O-O 14.Nd2 f4 15.e3 g5 16.
exf4 gxf4 17.Qe2 Nf5 18.Nf3 Nf7 19.gxf4 Rae8 20.Ne4 Nh8 21.fxe5 Ng6 22.
Nf6+ Bxf6 23.exf6 Bxc4 24.Qd2 Bd5 25.Rg1 Bf7 26.Nd4 Kh7 27.Bc1 Be6 28.Nxf5
Bxf5 29.Qxh6+ Kg8 30.Bd5+ 1-0

[Event "3rd Tungsram it"]
[Site "Budapest HUN"]
[Date "1977.08.??"]
[Round "16"]
[White "Ornstein, Axel"]
[Black "Csom, Istvan"]
[Result "1/2-1/2"]
[WhiteElo "2440"]
[BlackElo "2535"]
[EventDate "1977.07.29"]
[PlyCount "82"]

1.c4 e6 2.Nc3 d5 3.d4 Be7 4.Nf3 Nf6 5.Bg5 O-O 6.Qc2 Nbd7 7.e3 h6 8.Bh4 c5 
9.cxd5 cxd4 10.Nxd4 Nxd5 11.Bxe7 Nxe7 12.Be2 Nf6 13.O-O Bd7 14.Rfd1 Qa5 
15.Ne4 Ned5 16.Qc5 b6 17.Qxa5 bxa5 18.Nc5 Rfc8 19.Rac1 Be8 20.e4 Nb4 21.a3
Na2 22.Rc4 e5 23.Nf5 Bb5 24.Ne7+ Kh7 25.Nxc8 Rxc8 26.Rc2 Bxe2 27.Rxe2 Rxc5
28.b4 Nc3 29.bxc5 Nxe2+ 30.Kf1 Nd4 31.f3 Kg6 32.Kf2 Ne8 33.Rb1 Ne6 34.Rb5 
a6 35.Rxa5 N8c7 36.c6 Kf6 37.Ke3 Ke7 38.Rxe5 g6 39.Ra5 Kd6 40.Ra4 Kxc6 41.
Rc4+ Kd6 1/2-1/2

[Event "3rd Tungsram it"]
[Site "Budapest HUN"]
[Date "1977.08.??"]
[Round "16"]
[White "Blackstock, Leslie Steven Fraser"]
[Black "Sax, Gyula"]
[Result "0-1"]
[WhiteElo "2410"]
[BlackElo "2565"]
[EventDate "1977.07.29"]
[PlyCount "72"]

1.d4 Nf6 2.c4 g6 3.Nc3 d5 4.Nf3 Bg7 5.Qb3 dxc4 6.Qxc4 O-O 7.e4 a6 8.Qb3 b5
9.e5 Ng4 10.h3 Nh6 11.Bf4 c5 12.dxc5 Be6 13.Qd1 Nc6 14.Be2 Nf5 15.Qxd8 
Rfxd8 16.O-O Nfd4 17.Nxd4 Nxd4 18.Bd1 Rac8 19.Bg5 Rd7 20.f4 f6 21.exf6 
exf6 22.Bh4 f5 23.Bf2 Rxc5 24.Re1 Rc6 25.Kh2 Bc4 26.a3 Re6 27.g3 Kf7 28.
Kg1 Red6 29.Rc1 h6 30.Be3 Nb3 31.Bxb3 Bxb3 32.Kf2 Rd3 33.Re2 Bf6 34.Bb6 
Bc4 35.Rce1 R3d6 36.Bc5 Rc6 0-1

[Event "3rd Tungsram it"]
[Site "Budapest HUN"]
[Date "1977.08.??"]
[Round "16"]
[White "Knaak, Rainer"]
[Black "Castro Rojas, Oscar Humberto"]
[Result "1-0"]
[WhiteElo "2500"]
[BlackElo "2410"]
[EventDate "1977.07.29"]
[PlyCount "52"]

1.d4 d5 2.c4 c6 3.Nf3 Nf6 4.Nc3 e6 5.Bg5 Nbd7 6.Qc2 Be7 7.cxd5 exd5 8.e3 
h6 9.Bf4 O-O 10.Bd3 b6 11.O-O Bb7 12.Rad1 Re8 13.Qe2 Qc8 14.Rc1 c5 15.Ne5 
Nxe5 16.dxe5 Nd7 17.Bf5 Qc6 18.Rfd1 Bg5 19.Bxg5 hxg5 20.Nxd5 Nxe5 21.Qh5 
f6 22.f4 gxf4 23.exf4 Nf7 24.Bg6 Nh6 25.Bxe8 Rxe8 26.Nxf6+ 1-0

[Event "3rd Tungsram it"]
[Site "Budapest HUN"]
[Date "1977.08.??"]
[Round "16"]
[White "Ostojic, Predrag"]
[Black "Spasov, Luben"]
[Result "0-1"]
[WhiteElo "2480"]
[BlackElo "2480"]
[EventDate "1977.07.29"]
[PlyCount "70"]

1.e4 e5 2.Nf3 Nc6 3.Bb5 a6 4.Ba4 Nf6 5.O-O Be7 6.Re1 b5 7.Bb3 d6 8.c3 O-O 
9.d4 Bg4 10.Be3 exd4 11.cxd4 Na5 12.Bc2 c5 13.dxc5 dxc5 14.Nbd2 Nc6 15.Qb1
Qc7 16.Bg5 h6 17.Bh4 Nd7 18.Bxe7 Nxe7 19.h3 Be6 20.Nf1 Rad8 21.Qc1 Nc6 22.
Qe3 Nb4 23.Bb1 Ne5 24.Rc1 Nxf3+ 25.Qxf3 Qe5 26.Qc3 Qxc3 27.bxc3 Nd3 28.
Bxd3 Rxd3 29.a4 b4 30.cxb4 cxb4 31.a5 Rb8 32.Rcb1 Rb5 33.Ne3 Rd2 34.Nd5 
Bxd5 35.exd5 b3 0-1

[Event "3rd Tungsram it"]
[Site "Budapest HUN"]
[Date "1977.08.??"]
[Round "17"]
[White "Csom, Istvan"]
[Black "Filip, Miroslav"]
[Result "1/2-1/2"]
[WhiteElo "2535"]
[BlackElo "2500"]
[EventDate "1977.07.29"]
[PlyCount "37"]

1.c4 Nf6 2.g3 e6 3.Bg2 d5 4.Nf3 Be7 5.O-O O-O 6.d4 b6 7.cxd5 exd5 8.Nc3 
Bb7 9.Qb3 Ne4 10.Bf4 Nxc3 11.Qxc3 Na6 12.Rfd1 c5 13.dxc5 Nxc5 14.Be5 Re8 
15.Rac1 Rc8 16.Bh3 Ne6 17.Qd2 Rxc1 18.Rxc1 Bg5 19.Bf4 1/2-1/2

[Event "3rd Tungsram it"]
[Site "Budapest HUN"]
[Date "1977.08.??"]
[Round "17"]
[White "Rajna, Gyorgy"]
[Black "Blackstock, Leslie Steven Fraser"]
[Result "1-0"]
[WhiteElo "2395"]
[BlackElo "2410"]
[EventDate "1977.07.29"]
[PlyCount "52"]

1.e4 c5 2.Nf3 e6 3.Nc3 d6 4.d4 cxd4 5.Nxd4 Nf6 6.Bc4 a6 7.Bb3 b5 8.a3 Be7 
9.Be3 O-O 10.Qe2 Bb7 11.f3 Nbd7 12.g4 Nc5 13.Ba2 Rc8 14.g5 Nfd7 15.h4 Ne5 
16.O-O-O Qa5 17.h5 d5 18.g6 dxe4 19.h6 Ncd3+ 20.Kb1 exf3 21.gxh7+ Kh8 22.
hxg7+ Kxg7 23.Rdg1+ Kh8 24.Qh2 Ng6 25.Nxe6 Nxb2 26.Bd4+ 1-0

[Event "3rd Tungsram it"]
[Site "Budapest HUN"]
[Date "1977.08.??"]
[Round "17"]
[White "Castro Rojas, Oscar Humberto"]
[Black "Ornstein, Axel"]
[Result "1/2-1/2"]
[WhiteElo "2410"]
[BlackElo "2440"]
[EventDate "1977.07.29"]
[PlyCount "128"]

1.e4 e6 2.d4 d5 3.e5 b6 4.f4 Ne7 5.Nd2 Qd7 6.Ndf3 Ba6 7.Bxa6 Nxa6 8.c3 c5 
9.Qd3 Nb8 10.Ne2 Nbc6 11.O-O h5 12.Bd2 Nf5 13.Ng3 Nce7 14.Ne2 c4 15.Qc2 
O-O-O 16.b3 f6 17.Rfb1 Kb8 18.a4 Ka8 19.bxc4 dxc4 20.a5 b5 21.a6 Nd5 22.
Qe4 Rb8 23.Bc1 Rb6 24.Ne1 Qc6 25.Ra5 Nc7 26.Qxc6+ Rxc6 27.Nc2 Be7 28.Ng3 
Nxg3 29.hxg3 Nd5 30.Rbxb5 Nxc3 31.Rb7 Re8 32.Bd2 Nd5 33.f5 c3 34.Bf4 Bd8 
35.Rab5 Bb6 36.fxe6 Nc7 37.exf6 Nxb5 38.f7 Rcxe6 39.fxe8=Q+ Rxe8 40.Rd7 
Nxd4 41.Nxd4 Re4 42.Kf1 Rxd4 43.Rxg7 c2 44.Ke2 Rd8 45.Rh7 Rc8 46.Rxh5 Bc5 
47.Bc1 Kb8 48.Rd5 Rc6 49.Rd3 Kc7 50.Rc3 Kd6 51.Rxc2 Rxa6 52.g4 Bd4 53.Kf3 
Ke5 54.Bf4+ Kf6 55.Ke4 Ba1 56.g5+ Kg6 57.Rc7 Bg7 58.Kf3 Ra3+ 59.Kg4 Ra6 
60.Be3 Ra4+ 61.Kf3 Ra6 62.Bxa7 Be5 63.Re7 Bd6 64.Re6+ Kf5 1/2-1/2

[Event "3rd Tungsram it"]
[Site "Budapest HUN"]
[Date "1977.08.??"]
[Round "17"]
[White "Spasov, Luben"]
[Black "Knaak, Rainer"]
[Result "1/2-1/2"]
[WhiteElo "2480"]
[BlackElo "2500"]
[EventDate "1977.07.29"]
[PlyCount "112"]

1.Nf3 g6 2.c4 Bg7 3.d4 d6 4.Nc3 Nd7 5.g3 e5 6.Bg2 Ngf6 7.O-O O-O 8.e4 a6 
9.Re1 exd4 10.Nxd4 Ne5 11.b3 c5 12.Nc2 Ne8 13.Bb2 b5 14.Ne3 bxc4 15.Nxc4 
Nxc4 16.bxc4 Rb8 17.Qc2 Be6 18.Nd1 Qa5 19.Re3 Rb4 20.Bxg7 Nxg7 21.Rc3 Rfb8
22.Qd3 Ne8 23.Ne3 Rb2 24.Ra3 Qb6 25.Rd1 a5 26.Bf3 h5 27.Qc3 Qb4 28.Rc1 a4 
29.Bd1 Qxc3 30.Rcxc3 Nf6 31.f3 Rd2 32.Rd3 Rxd3 33.Rxd3 Nd7 34.f4 Nb6 35.
Rc3 Bd7 36.a3 Bc6 37.Bc2 Re8 38.Nd5 Nxd5 39.cxd5 Bd7 40.Kf2 Rb8 41.e5 dxe5
42.fxe5 Re8 43.e6 fxe6 44.Bxg6 Rf8+ 45.Ke3 exd5 46.Rxc5 Bg4 47.Kd4 Rf2 48.
Rc2 Rf3 49.Rc3 Rf2 50.h4 Kg7 51.Bd3 Kf6 52.Rc6+ Ke7 53.Ra6 Rf3 54.Rxa4 
Rxg3 55.Rb4 Bd7 56.Be2 1/2-1/2

[Event "3rd Tungsram it"]
[Site "Budapest HUN"]
[Date "1977.08.??"]
[Round "17"]
[White "Pinter, Jozsef"]
[Black "Ostojic, Predrag"]
[Result "1-0"]
[WhiteElo "2445"]
[BlackElo "2480"]
[EventDate "1977.07.29"]
[PlyCount "52"]

1.e4 e5 2.Nf3 Nc6 3.Bb5 Nf6 4.Qe2 a6 5.Bc4 Be7 6.c3 d6 7.O-O O-O 8.Bb3 Na5
9.Bc2 c5 10.Rd1 Nc6 11.h3 Qc7 12.d3 Re8 13.Nbd2 Bf8 14.Nf1 h6 15.Ne3 Be6 
16.Nh2 Ne7 17.Nhg4 Nh7 18.Bb3 Bxb3 19.axb3 h5 20.Nh2 g6 21.Nhf1 Qd7 22.Nc4
Rad8 23.Nfe3 Qe6 24.Nb6 Nf6 25.c4 Bh6 26.Ned5 1-0

[Event "3rd Tungsram it"]
[Site "Budapest HUN"]
[Date "1977.08.??"]
[Round "17"]
[White "Vadasz, Laszlo"]
[Black "Ree, Hans"]
[Result "1/2-1/2"]
[WhiteElo "2495"]
[BlackElo "2460"]
[EventDate "1977.07.29"]
[PlyCount "66"]

1.Nf3 d5 2.d4 c6 3.c4 e6 4.e3 f5 5.Bd3 Nf6 6.O-O Bd6 7.b3 O-O 8.Ba3 Bxa3 
9.Nxa3 Ne4 10.b4 Qe7 11.Qb3 a6 12.Nc2 Bd7 13.Bxe4 fxe4 14.Ne5 Be8 15.f3 
exf3 16.Rxf3 Rxf3 17.Nxf3 Nd7 18.Rf1 Bg6 19.Nce1 Rf8 20.a4 Be4 21.c5 e5 
22.b5 axb5 23.axb5 h6 24.h3 Qe6 25.bxc6 bxc6 26.Nxe5 Rb8 27.Qc3 Nxe5 28.
dxe5 Rb1 29.Nd3 Bxd3 30.Qxd3 Rxf1+ 31.Kxf1 Qxe5 32.Qg6 Qxe3 33.Qxc6 
1/2-1/2